Statistiques concernant La vie de Pierre Mauroy

Cliquez ici pour prendre le quiz!

Statistiques générales

  • Ce quiz a été pris 7 fois
  • Le résultat moyen est 3 sur 8

Statistiques - réponses

HintRéponse% Correct
Il a été premier ministre sous quel président ?François Mitterrand
80%
Ville dans laquelle il a été maire et où il a donné son nom au StadeLille
80%
De quel parti politique faisait t'il parti ?Parti Socialiste
60%
Sur quel période ?1981-1984
40%
Année de Naissance1928
20%
Année de Décès2013
20%
Lieu de SépultureCimetière de l'Est
20%
En dehors de la politique, quel était son métier ?Enseignant
0%

Distribution des résultats

Percentile par nombre de réponses

% des personnes avec chaque résultat

Votre développement - résultats

Vous n’avez pas pris ce quiz